Central Library OPAC University of Rajshahi

ديوان خليل الله خليلى ;; Dīvān-i Khalīl Allāh Khalīlī / (Record no. 78199)

MARC details
000 -LEADER
fixed length control field 01175cam a2200349 a 4500
001 - CONTROL NUMBER
control field 78199
003 - CONTROL NUMBER IDENTIFIER
rucl marc code BD-RjUL
005 - DATE AND TIME OF LATEST TRANSACTION
control field 20211209083112.0
008 - FIXED-LENGTH DATA ELEMENTS--GENERAL INFORMATION
fixed length control field 210412s20061378ir 001 p per d
020 ## - INTERNATIONAL STANDARD BOOK NUMBER
International Standard Book Number 9643306321
International Standard Book Number 9789643306328
035 ## - SYSTEM CONTROL NUMBER
System control number (BD-RjUL) 78425
040 ## - CATALOGING SOURCE
Original cataloging agency WAU
Language of cataloging eng
Transcribing agency WAU
Modifying agency DLC
-- OCLCA
-- DLC
041 ## - LANGUAGE CODE
Language code of text/sound track or separate title eng
042 ## - AUTHENTICATION CODE
Authentication code lccopycat
-- lcode
066 ## - CHARACTER SETS PRESENT
Alternate G0 or G1 character set (3
-- (4
082 ## - DEWEY DECIMAL CLASSIFICATION NUMBER
Edition number 23
Classification number 891.51
Author mark and year KHD 2006
100 1# - MAIN ENTRY--PERSONAL NAME
Personal name خليلي، خليل الله. ;; Khalīlī, Khalīl Allāh.
9 (RLIN) 246932
245 10 - TITLE STATEMENT
Title ديوان خليل الله خليلى ;; Dīvān-i Khalīl Allāh Khalīlī /
Statement of responsibility, etc. به کوشش محمد کاظم کاظمى. ;; bih kūshish-i Muḥammad Kāẓim Kāẓimī.
250 ## - EDITION STATEMENT
Edition statement Chāp-i 1.
260 ## - PUBLICATION, DISTRIBUTION, ETC. (IMPRINT)
Place of publication, distribution, etc. Tihrān :
Name of publisher, distributor, etc. nasar erfan ,
Date of publication, distribution, etc. 1378 [2006]
300 ## - PHYSICAL DESCRIPTION
Pagination 517 p. ;
Size 25 cm.
500 ## - GENERAL NOTE
General note Poems.
General note Includes indexes.
650 ## - SUBJECT ADDED ENTRY--TOPICAL TERM
Topical term or geographic name as entry element شعر فارسي
9 (RLIN) 246933
Topical term or geographic name as entry element Persian poetry
9 (RLIN) 246934
700 1# - ADDED ENTRY--PERSONAL NAME
Personal name Kāẓimī, Muḥammad Kāẓim,
Dates associated with a name 1967 or 1968-
Personal name کاظمى، محمد کاظم.
Dates associated with a name 1967-1968
942 ## - ADDED ENTRY ELEMENTS (KOHA)
Source of classification or shelving scheme Dewey Decimal Classification
Koha item type Books
Holdings
Lost status Source of classification or shelving scheme Damaged status Not for loan Collection code Permanent Location Current Location Shelving location Date acquired Source of acquisition Total Checkouts Full call number Date last seen Copy number Koha item type
  Dewey Decimal Classification   Not For Loan Non-fiction Central Library, University of Rajshahi Central Library, University of Rajshahi Reading Room 13/08/2007 Iran Embassy , Dhaka   F 891.51 KHD 2006 12/04/2021 C-1 Books